Statistics for 'Be Back Soon' Lyrics from 'Oliver!'

Click here to take the quiz!

General Stats

  • This quiz has been taken 5 times
  • The average score is 54 of 91

Answer Stats

HintAnswer% Correct
We'll __ _____ ____.Be back soon
100%
__ _____ ____Be back soon
100%
But __ _____ ____Be back soon
100%
We'll __ _____ ____Be back soon
100%
__ _____ ____Be back soon
100%
__ _____ ____!Be back soon
100%
__ _____ ____Be back soon
100%
And __ _____ ____Be back soon
100%
But __ _____ ____Be back soon
100%
Cheerio, but __ _____ ____Be back soon
100%
We'll __ _____ ____Be back soon
100%
__ _____ ____Be back soon
100%
We'll __ _____ ____Be back soon
100%
But __ _____ ____Be back soon
100%
__ _____ ____!Be back soon
100%
Pip! Pip! _______!Cheerio
100%
Pip! Pip! _______!Cheerio
100%
Pip! Pip! _______!Cheerio
100%
Say, "_______"...Cheerio
100%
Pip! Pip! _______!Cheerio
100%
You can __Go
100%
You can __Go
100%
You can __Go
100%
You can __Go
100%
I dunno, somehow I'll ____ youMiss
100%
We'll _____ you tooMiss
100%
We love him __So
100%
Our dear old ______ worry?Fagin
75%
Not ________Goodbye
75%
You'll _____ thisHear
75%
We _____Know
75%
How could we ___Let
75%
Don't be gone _____Long
75%
Give me one ____Long
75%
Give me one _____Long
75%
I ____ you, that why ILove
75%
An ___ man's hatOld
75%
______ file!Single
75%
______ file!Single
75%
So long, fare _____ wellThee
75%
So long, fare _____ wellThee
75%
So long, fare ____ wellThee
75%
Fare _____ wellThee
75%
So long, fare _____ wellThee
75%
Of wallets full of ________Cash
50%
That ______ upon the hourChimes
50%
And when we're in the _______Distance
50%
But they ___'_ know this tuneDon't
50%
A wallet ___Fat
50%
Don't be _____ longGone
50%
In, oh, such a _____ ___Great big
50%
______Hurry
50%
_____ look...Last
50%
____ look...Last
50%
____ up!Line
50%
____ up!Line
50%
Where danger's _______?Lurking
50%
It's him that _____ the piperPays
50%
But bring back ______Plenty
50%
..._____ ___ _____Safe and sound
50%
The crown jewels from the _____Tower
50%
It's sad but _____True
50%
Do not forget this _____Tune
50%
_______ tune...Whispered
50%
But while you're ________Working
50%
Only thick ones, now not ______Empty
25%
How could we _____Forget
25%
We'll come back _____Home
25%
_____... _____Left
25%
The _____ policemenNosey
25%
Remember our ____ ____...Old tune
25%
It's us that ______ his tunePipes
25%
_____ marchQuick
25%
________ our old tune...Remember
25%
Get ____ this afternoonRich
25%
_____... ______... Ol! Ol!Right
25%
That parting is such ______ sorrowSweet
25%
Who can ____Tell
25%
Don't want to see any _____Trash
25%
_____ you're homeUntil
25%
_____ youBless
0%
____ youBless
0%
We must ________Disappear
0%
We'll be back ____Here
0%
Our pockets'll _____Hold
0%
I'm _______ round...Pacing
0%
This _____Place
0%
______...Today
0%
...Perhaps _______Tomorrow
0%
A _____ __ ____Watch of gold
0%
_____ it quickWhip
0%

Score Distribution

Percentile by Number Answered

Percent of People with Each Score

Your Score History

You have not taken this quiz